| 000 | 00365nam a2200145Ia 4500 | ||
|---|---|---|---|
| 008 | 230917s9999||||xx |||||||||||||| ||und|| | ||
| 040 |
_e215383 _aMAIN |
||
| 041 | _aEnglish | ||
| 082 | _a641.874 W178U | ||
| 100 | _aWalton, Stuart | ||
| 245 | 0 | _aUltimate book of cocktails | |
| 260 |
_aLeicestershire _bAnness Publishing _c2011 |
||
| 300 | _a256 p. | ||
| 942 | _cBK | ||
| 999 |
_c179809 _d179809 |
||